[Event "Olympiad-44"]
[Site "Chennai"]
[Date "2022.08.08"]
[Round "10.4"]
[White "Castro Silva, Moises Antonio"]
[Black "McDonald, Jhustice Dimonte"]
[Result "1-0"]
[WhiteElo "2237"]
[BlackElo "1884"]
[PlyCount "65"]
[EventDate "2022.07.29"]
[EventType "team-swiss"]
[EventRounds "11"]
[EventCountry "IND"]
[SourceTitle "CBM 210"]
[Source "ChessBase"]
[SourceDate "2022.10.31"]
[SourceVersion "1"]
[SourceVersionDate "2022.10.31"]
[SourceQuality "1"]
[WhiteTeam "Venezuela"]
[BlackTeam "Jamaica"]
[WhiteTeamCountry "VEN"]
[BlackTeamCountry "JAM"]

1. e4 c5 2. Nf3 e6 3. Nc3 Nc6 4. d4 cxd4 5. Nxd4 Nf6 6. Ndb5 d6 7. Bf4 e5 8. Bg5 a6 9. Na3 b5 10. Bxf6 Qxf6 11. Nd5 Qd8 12. Bxb5 axb5 13. Nxb5 Qa5+ 14. c3 Kd8 15. a4 Rb8 16. b4 Qa8 17. 0-0 Be6 18. Ndc7 Qb7 19. Nxe6+ fxe6 20. Nxd6 Bxd6 21. Qxd6+ Qd7 22. Qc5 Qc7 23. Rfd1+ Kc8 24. Rd6 Nd8 25. Qxc7+ Kxc7 26. Rad1 Rg8 27. a5 Nb7 28. Rd7+ Kc6 29. a6 Rgd8 30. b5+ Kxb5 31. axb7 Rxd7 32. Rxd7 Rg8 33. Rxg7 1-0

[Event "Olympiad-44"]
[Site "Chennai"]
[Date "2022.08.01"]
[Round "4.4"]
[White "Neto, Roberto"]
[Black "McDonald, Jhustice Dimonte"]
[Result "0-1"]
[WhiteElo "1663"]
[BlackElo "1884"]
[PlyCount "80"]
[EventDate "2022.07.29"]
[EventType "team-swiss"]
[EventRounds "11"]
[EventCountry "IND"]
[SourceTitle "CBM 210"]
[Source "ChessBase"]
[SourceDate "2022.10.31"]
[SourceVersion "1"]
[SourceVersionDate "2022.10.31"]
[SourceQuality "1"]
[WhiteTeam "Guyana"]
[BlackTeam "Jamaica"]
[WhiteTeamCountry "GUY"]
[BlackTeamCountry "JAM"]

1. d4 Nf6 2. Bf4 e6 3. e3 d5 4. Nd2 Bd6 5. Bg3 0-0 6. Bd3 Nc6 7. c3 e5 8. dxe5 Nxe5 9. Bxe5 Bxe5 10. Ngf3 Bd6 11. Qc2 c5 12. 0-0 Re8 13. Bf5 Bd7 14. Bxd7 Qxd7 15. c4 Rad8 16. cxd5 Nxd5 17. Ng5 Nf6 18. Nge4 Nxe4 19. Nxe4 Qf5 20. f3 Qe5 21. g3 f5 22. Nxd6 Qxe3+ 23. Kh1 Rxd6 24. Rae1 Qxe1 25. Rxe1 Rxe1+ 26. Kg2 Red1 27. Qxf5 R1d2+ 28. Kg1 b6 29. Qe5 Rd8 30. a3 Rc2 31. Qe6+ Kh8 32. Qe1 Rxb2 33. h4 c4 34. h5 h6 35. g4 Rbd2 36. Qe5 Ra2 37. Qe1 c3 38. g5 c2 39. Qe3 Rd1+ 40. Kg2 c1Q+ 0-1

[Event "American World Cup Q Prelim"]
[Site "Tornelo INT"]
[Date "2021.05.09"]
[Round "8"]
[White "Diaz Perez, Michel Alejandro"]
[Black "McDonald, Jhustice Dimonte"]
[Result "1-0"]
[WhiteElo "2459"]
[BlackElo "1857"]
[PlyCount "45"]
[EventDate "2021.05.08"]
[EventType "swiss (rapid)"]
[EventRounds "9"]
[EventCountry "USA"]
[SourceTitle "CBM 202 Extra"]
[Source "ChessBase"]
[SourceDate "2021.07.31"]
[SourceVersion "1"]
[SourceVersionDate "2021.07.31"]
[SourceQuality "1"]

1. d4 Nf6 2. c4 e6 3. Nf3 d5 4. Nc3 Bb4 5. cxd5 exd5 6. Bg5 c6 7. e3 Bg4 8. Qb3 Qb6 9. Bxf6 gxf6 10. Be2 Nd7 11. h3 Bh5 12. 0-0 Rg8 13. Rac1 Rg7 14. Na4 Qa5 15. a3 Bd2 16. Rc2 b5 17. Nc5 Nxc5 18. Rxc5 Qb6 19. Qc2 Qb7 20. Qxd2 Qd7 21. Kh1 Bg4 22. Ng1 h5 23. Rfc1 1-0

[Event "American World Cup Q Prelim"]
[Site "Tornelo INT"]
[Date "2021.05.09"]
[Round "9"]
[White "McDonald, Jhustice Dimonte"]
[Black "Brambilla, Renee Blandy T"]
[Result "1-0"]
[WhiteElo "1857"]
[BlackElo "1671"]
[PlyCount "73"]
[EventDate "2021.05.08"]
[EventType "swiss (rapid)"]
[EventRounds "9"]
[EventCountry "USA"]
[SourceTitle "CBM 202 Extra"]
[Source "ChessBase"]
[SourceDate "2021.07.31"]
[SourceVersion "1"]
[SourceVersionDate "2021.07.31"]
[SourceQuality "1"]

1. e4 c5 2. Nf3 Nc6 3. Bc4 d6 4. 0-0 Nf6 5. Re1 Bg4 6. h3 Bh5 7. d3 e6 8. Bg5 Be7 9. Nbd2 0-0 10. c3 a6 11. a4 Qc7 12. Qe2 Na5 13. Ba2 b5 14. axb5 axb5 15. e5 dxe5 16. Qxe5 Qxe5 17. Rxe5 h6 18. Bxf6 Bxf6 19. Rxh5 Rad8 20. Rxc5 Rxd3 21. Rxb5 Nc6 22. Bc4 Rd7 23. Ne4 Be7 24. Ra6 Nb8 25. Rab6 Nc6 26. Rxc6 Ra8 27. Kh2 f5 28. Bxe6+ Kf8 29. Rxf5+ Bf6 30. Bxd7 Ke7 31. Nxf6 gxf6 32. Rcxf6 Kxd7 33. Ne5+ Kc7 34. Rc6+ Kb7 35. Rf7+ Kb8 36. Rg6 Ra7 37. Rg8# 1-0

[Event "Kingston Chan Memorial op"]
[Site "Kingston"]
[Date "2017.09.23"]
[Round "4"]
[White "Wisdom, Daren"]
[Black "McDonald, Jhustice Dimonte"]
[Result "1-0"]
[WhiteElo "1999"]
[BlackElo "1676"]
[PlyCount "69"]
[EventDate "2017.09.21"]
[EventType "swiss"]
[EventRounds "6"]
[EventCountry "JAM"]
[SourceTitle "EXT 2020"]
[Source "ChessBase"]
[SourceDate "2019.10.17"]
[SourceVersion "1"]
[SourceVersionDate "2019.10.17"]
[SourceQuality "1"]

1. d4 Nf6 2. Nf3 e6 3. e3 c5 4. b3 Nc6 5. Bb2 d5 6. Nbd2 Bd6 7. Ne5 Bxe5 8. dxe5 Nd7 9. f4 f6 10. Bd3 Qe7 11. Qg4 0-0 12. Qh3 g6 13. exf6 Nxf6 14. 0-0 e5 15. Qh4 e4 16. Be2 Bf5 17. a3 d4 18. exd4 Nxd4 19. Bc4+ Kg7 20. c3 Nc6 21. Be2 Rad8 22. Rad1 Rd7 23. Nc4 Nd5 24. Qxe7+ Ndxe7 25. Rxd7 Bxd7 26. Nd6 b6 27. Nxe4 Nf5 28. Rd1 Be6 29. Ng5 Bxb3 30. Rd7+ Nfe7 31. c4+ Kh6 32. Ne6 Rf7 33. g4 g5 34. fxg5+ Kg6 35. Bd3+ 1-0